000 00571nam a2200229Ia 4500
003 OSt
005 20221005131919.0
006 a|||||r|||| 00| 0
007 ta
008 221004b |||||||| |||| 00| 0 tam d
024 _a49392
037 _cTextual
040 _aCRL
_cCRL
_btam
041 _2tam
_atam
082 _aO31,3v:g, L8
100 _aSivatham
_9640289
245 0 _aTamil cirukatayin torramum valarcci
260 _c1966
650 _aTAMIL LITERATURE
942 _hO31,3v:g, L8
_cTEXL
_2cc
999 _c1061815
_d1061815